Is the goddess a feminist? (Record no. 1848374)

MARC details
000 -LEADER
fixed length control field 00590cam a22001934a 4500
001 - CONTROL NUMBER
control field 11842104
003 - CONTROL NUMBER IDENTIFIER
control field OSt
005 - DATE AND TIME OF LATEST TRANSACTION
control field 20260422123901.0
008 - FIXED-LENGTH DATA ELEMENTS--GENERAL INFORMATION
fixed length control field 991115s2000 nyu b 001 0 eng
020 ## - INTERNATIONAL STANDARD BOOK NUMBER
International Standard Book Number 9781841271576
040 ## - CATALOGING SOURCE
Transcribing agency HDL
Language of cataloging ENG
082 00 - DEWEY DECIMAL CLASSIFICATION NUMBER
Classification number 294.52114 P0
245 00 - TITLE STATEMENT
Title Is the goddess a feminist?
Remainder of title the politics of South Asian goddesses /
Statement of responsibility, etc. edited by Alf Hiltebeitel & Kathleen M. Erndl.
260 ## - PUBLICATION, DISTRIBUTION, ETC.
Place of publication, distribution, etc. New York :
Name of publisher, distributor, etc. New York University Press,
Date of publication, distribution, etc. 2000.
300 ## - PHYSICAL DESCRIPTION
Extent 287 p.
650 #0 - SUBJECT ADDED ENTRY--TOPICAL TERM
Topical term or geographic name entry element Feminism
General subdivision Religious aspects.
9 (RLIN) 1235368
942 ## - ADDED ENTRY ELEMENTS (KOHA)
Source of classification or shelving scheme Colon Classification (CC)
Koha item type Textual
Suppress in OPAC No
Holdings
Withdrawn status Lost status Source of classification or shelving scheme Damaged status Not for loan Home library Current library Date acquired Total Checkouts Date last seen Price effective from Koha item type
    Colon Classification (CC)     Department of History Library Department of History Library 2026-04-22   2026-04-22 2026-04-22 Textual
Copyright @ Delhi University Library System